000 00190nam a2200085Ia 4500
008 120527s9999 xx 000 0 und d
100 _aStoner & Richardson
245 _aMagnetism.
942 _cBK
999 _c27826
_d27826